Adolescence education / (Record no. 88259)

MARC details
000 -LEADER
fixed length control field 00582nam a22001937a 4500
005 - DATE AND TIME OF LATEST TRANSACTION
control field 20140903122331.0
010 ## - LCCN (DPL NO)
LC control number ENG-110712
020 ## - INTERNATIONAL STANDARD BOOK NUMBER
International Standard Book Number 9788120349803
Terms of availability 425.00
035 ## - SYSTEM CONTROL NUMBER
System control number EN-94244
037 ## - SOURCE OF ACQUISITION
Source of stock number/acquisition DBAD/PUB
082 ## - DEWEY DECIMAL CLASSIFICATION NUMBER
Classification number 306.70712
100 ## - MAIN ENTRY--PERSONAL NAME
Personal name Choudhary, Girish Bala
245 ## - TITLE STATEMENT
Title Adolescence education /
Statement of responsibility, etc by Girish Bala Choudhary
260 ## - PUBLICATION, DISTRIBUTION, ETC. (IMPRINT)
Place of publication, distribution, etc Delhi
Name of publisher, distributor, etc PHI Learning
Date of publication, distribution, etc 2014
270 ## - ADDRESS
Address Rimjhim House, 111, Patparganj Industrial Estate
City Delhi
Postal code 110092
300 ## - PHYSICAL DESCRIPTION
Extent xxv,390p.
Dimensions 24cm(pbk)
500 ## - GENERAL NOTE
General note Includes index
942 ## - ADDED ENTRY ELEMENTS (KOHA)
Source of classification or shelving scheme Dewey Decimal Classification
Item type English Books
Call number suffix CHO
Classification part 306.70712
Holdings
Withdrawn status Lost status Not for loan Collection code Home library Current library Date acquired Source of acquisition Cost, normal purchase price Full call number Barcode Copy number Cost, replacement price Koha item type
    Not For Loan Non-fiction D.B.Act.Division D.B.Act.Division 02/09/2014 DBAD/PUB 425.00 306.70712 CHO EN-94244 1 425.00 English Books

© Delhi Public Library
Hit Counter
free hit counter